FC 24 Showdown - Statistics

General Stats
  • This quiz has been taken 9 times
    4 since last reset
  • The average score is 48 of 78
Answer Stats
rat pos club Answer % Correct
Showdown Upgrade 90 CB Inter Milan Alessandro Bastoni
100%
Showdown Upgrade 89 CM Liverpool Alexis Mac Allister
100%
Showdown Upgrade 96 LM Real Betis Ayoze Pérez
100%
Showdown 85 RW Tottenham Hotspur Dejan Kulusevski
100%
Showdown Upgrade 95 CAM Crystal Palace Eberechi Eze
100%
Showdown Upgrade 91 CB Bayern Munich Eric Dier
100%
Showdown Upgrade 95 CB Barça Femení Irene Paredes
100%
Showdown 93 LW Borussia Dortmund Jamie Bynoe-Gittens
100%
Showdown Upgrade 91 LW FC Barcelona João Félix
100%
Showdown 92 CAM Bayer Leverkusen Jonas Hofmann
100%
Showdown Upgrade 95 ST Real Madrid Joselu
100%
Showdown Upgrade 95 CM AS Roma Leandro Paredes
100%
Showdown 89 CF Arsenal Leandro Trossard
100%
Showdown Upgrade 91 RB Paris Saint-Germain Nordi Mukiele
100%
Showdown 89 CM FC Barcelona Sergi Roberto
100%
Showdown Upgrade 95 CAM Bayern Munich Thomas Müller
100%
Showdown Upgrade 94 CM Juventus Adrien Rabiot
67%
Showdown 88 ST Newcastle Alexander Isak
67%
Showdown Upgrade 90 LB Juventus Alex Sandro
67%
Showdown 87 LW Eintracht Frankfurt Ansgar Knauff
67%
Showdown Upgrade 90 LB Chelsea Ben Chilwell
67%
Showdown Upgrade 94 CM Atalanta Éderson
67%
Showdown Upgrade 95 RW Porto Francisco Conceição
67%
Showdown 89 LB Lyon Henrique
67%
Showdown 93 LW Manchester City Jack Grealish
67%
Showdown 93 CB Udinese Jaka Bijol
67%
Showdown Upgrade 94 CDM Wolves João Gomes
67%
Showdown Upgrade 95 CM Ajax Jordan Henderson
67%
Showdown 93 ST Norwich City Josh Sargent
67%
Showdown 93 CB Portland Timbers Kamal Miller
67%
Showdown Upgrade 91 RW Sevilla Lucas Ocampos
67%
Showdown 89 CM Almería Lucas Robertone
67%
Showdown Upgrade 88 RM Al Hilal Malcom
67%
Showdown Upgrade 90 CB Manchester City Manuel Akanji
67%
Showdown Upgrade 89 RB Borussia Dortmund Marius Wolf
67%
Showdown Upgrade 95 CDM Real Sociedad Martín Zubimendi
67%
Showdown 89 CF Atlético Madrid Memphis Depay
67%
Showdown 87 RW Newcastle Miguel Almirón
67%
Showdown Upgrade 95 CM Cagliari Nahitan Nández
67%
Showdown 87 ST Chelsea Nicolas Jackson
67%
Showdown 93 CB Fiorentina Nikola Milenković
67%
Showdown 93 CF Torino Nikola Vlašić
67%
Showdown 86 CAM Al-Nassr Otávio
67%
Showdown Upgrade 89 CM Tottenham Hotspur Rodrigo Bentancur
67%
Showdown 93 RM Bournemouth Ryan Christie
67%
Showdown 87 RW AC Milan Samuel Chukwueze
67%
Showdown Upgrade 91 ST Borussia Dortmund Sébastien Haller
67%
Showdown Upgrade 90 CDM Napoli Stanislav Lobotka
67%
Showdown Upgrade 94 LW Ajax Steven Bergwijn
67%
Showdown Upgrade 96 CAM Inter Milan Valentín Carboni
67%
Showdown Upgrade 95 RWB AS Roma Zeki Çelik
67%
Showdown Upgrade 94 CDM Everton Amadou Onana
33%
Showdown Upgrade 90 CM Liverpool Bobby Clark
33%
Showdown 87 RW Heracles Almelo Bryan Limbombe
33%
Showdown Upgrade 89 LW Ajax Carlos Forbs
33%
Showdown 87 CM NJ/NY Gotham Crystal Dunn
33%
Showdown Upgrade 88 CM Paris FC Féminines Daphné Corboz
33%
Showdown Upgrade 90 CB Galatasaray Davinson Sánchez
33%
Showdown 93 CAM OL Féminin Dzsenifer Marozsán
33%
Showdown 93 CDM Hoffenheim Florian Grillitsch
33%
Showdown 88 ST Empoli Francesco Caputo
33%
Showdown 89 CAM Augsburg Fredrik Jensen
33%
Showdown 86 RW Madrid Femenino Hayley Raso
33%
Showdown Upgrade 89 CDM Nottingham Forest Ibrahim Sangaré
33%
Showdown Upgrade 91 CB Lorient Isaak Touré
33%
Showdown 85 ST OL Reign Jordyn Huitema
33%
Showdown Upgrade 94 CAM Racing Club Juan Fernando Quintero
33%
Showdown 94 LB Newcastle Kieran Tripper
33%
Showdown Upgrade 90 LB Man City Women Leila Ouahabi
33%
Showdown 88 LM Al Hilal Michael
33%
Showdown Upgrade 87 RW NJ/NY Gotham Midge Purce
33%
Showdown Upgrade 87 LW Chelsea Mykhailo Mudryk
33%
Showdown 88 RM Man United Women Nikita Parris
33%
Showdown Upgrade 94 CAM Genoa Ruslan Malinovskyi
33%
Showdown Upgrade 91 LM Lyon Saïd Benrahma
33%
Showdown Upgrade 89 CAM San Diego Waves Savannah McCaskill
33%
Showdown 89 CB AS Monaco Thilo Kehrer
33%
Showdown 94 CAM Watford Yáser Asprilla
33%
No matching quizzes found
Score Distribution
Percent of People with Each Score
Percentile by Number Answered
Your Score History
You have not taken this quiz since the last reset